Forage crops for soiling, silage, hay and pasture /

Saved in:
Bibliographic Details
Main Author: Voorhees, Edward B. (Edward Burnett), 1856-1911
Format: Book
Language:English
Published: New York, : London, : The Macmillan Company ; Macmillan & co., ltd., 1907.
Series:The rural science series.
Subjects:
LEADER 01022cam a22002651 4500
001 c000314102
003 CARM
005 00000000000000.0
008 780109s1907 nyua 000 0 eng
010 |a 07031477 
019 1 |a 13177186  |5 LACONCORD2021 
035 |a (OCoLC)3546677  |5 LACONCORD2021 
040 |a DLC  |b eng  |c CCC  |d DLC 
042 |a premarc 
050 0 0 |a SB193  |b .V8 
100 1 |a Voorhees, Edward B.  |q (Edward Burnett),  |d 1856-1911. 
245 1 0 |a Forage crops for soiling, silage, hay and pasture /  |c by Edward B. Voorhees. 
260 |a New York, :  |b The Macmillan Company ;  |a London, :  |b Macmillan & co., ltd.,  |c 1907. 
300 |a xiii, 384 p. :  |b incl. illus., tables. front. ;  |c 20 cm. 
490 0 |a The rural science series. 
650 0 |a Forage plants. 
852 8 |b CARM  |h A3:AB22B0  |i B10946  |p 0470653  |f BK 
082 0 4 |a 633.2 
999 f f |i 654f49d6-e925-547c-b81d-f5a730aaf0f9  |s 9f5a661a-301f-5228-8672-cd60674901c6 
952 f f |p Can circulate  |a CAVAL  |b CAVAL  |c CAVAL  |d CARM 1 Store  |e B10946  |f A3:AB22B0  |h Other scheme  |i book  |m 0470653